Communes de la Métropole de Lyon (69M) de plus de 10000 habitants - Statistiques

Statistiques générales
  • Ce quiz a été pris 65 fois
  • Le résultat moyen est 14 sur 22
Statistiques - réponses
Habitants Communes % Correct
520774 (préfecture) Lyon
100%
162207 Villeurbanne
98%
66701 Vénissieux
95%
43479 Caluire-et-Cuire
81%
52448 Vaulx-en-Velin
81%
42193 Saint-Priest
79%
42850 Bron
74%
29905 Décines-Charpieu
67%
36437 Meyzieu
64%
20943 Givors
62%
31479 Rillieux-la-Pape
60%
19549 Saint-Fons
60%
21893 Sainte-Foy-lès-Lyon
55%
21329 Saint-Genis-Laval
55%
22819 Tassin-la-Demi-Lune
55%
18019 Ecully
52%
15664 Francheville
50%
37928 Oullins-Pierre-Bénite
43%
11214 Chassieu
36%
11196 Corbas
33%
12170 Craponne
33%
13716 Mions
33%
Aucun quiz correspondant
Distribution des résultats
% des personnes avec chaque résultat
Percentile par nombre de réponses
Votre historique - résultats
Vous n’avez pas pris ce quiz